Statistics for Guess The Why Don't We Song

Click here to take the quiz!

General Stats

  • This quiz has been taken 1,432 times
  • The average score is 8 of 11

Answer Stats

Lyric Answer % Correct
I need you in my life like limelight, Wherever I go I'm taking you, Whenever I call you my lifeline, I never hang up I depend on you.Taking You
97%
Some go to college, Some wanna model, Some diggin' for that gold, Some flying solo, Some wanna stay at home.These Girls
86%
If I was your sinner, then you were my saint, Guilty of breaking your heart.Words I Didn't Say
72%
Why don't we forget about all of the drama, All of the odds and the problems? So we can just chill, So wavy we spill.Why Don't We Just
71%
I'm just being honest, I'm not here to waste your time, You could hold my promise, I don't give it away too often.Tell Me
70%
It's cold outside, but you melt my heart away, It feels so right, it's a perfect holiday, Waited for this moment, the whole year long.Kiss You This Christmas
68%
Hold my heart, Hold it tight It's fallin', Don't let go, Hold it close, I'm all in.Made For
66%
Reach out for me, Reach out for me, Reach out for me, Just like a shooting star, I'll crash into your galaxy.On My Way
65%
Gone with the wind, girl, Cut through the clouds, don't you dare me, I will.Boomerang
65%
When you breathe, silent symphony, When you blink, you steal the sight from me, When we kiss, endless symmetry.I Depend On You
63%
And all is calm, all is bright.Silent Night
61%

Score Distribution

Percentile by Number Answered

Percent of People with Each Score

Your Score History

You have not taken this quiz